Cirill-Metód Emlékmű avató = Einweihungsrede

Elmentve itt :
Bibliográfiai részletek
Szerző: Szalay Dénes
Testületi szerző: Cirill és Metód tevékenysége Pannóniában (1986) (Budapest/Zalavár/Keszthely)
Dokumentumtípus: Cikk
Megjelent: 1986
Sorozat:Hungaro-Bulgarica 1
Kulcsszavak:Szent Cirill, Szent Metód, Magyarország története - 9-18. sz. - tanulmányok, Cirill írás - Pannónia
Tárgyszavak:
Online Access:http://acta.bibl.u-szeged.hu/45066
LEADER 00914nab a2200229 i 4500
001 acta45066
005 20251211131228.0
008 170519s1986 hu o 000 hun d
040 |a SZTE Egyetemi Kiadványok Repozitórium  |b hun 
041 |a hun 
041 |a ger 
100 1 |a Szalay Dénes 
245 1 0 |a Cirill-Metód Emlékmű avató = Einweihungsrede  |h [elektronikus dokumentum] /  |c  Szalay Dénes 
260 |c 1986 
300 |a 169-173 
490 0 |a Hungaro-Bulgarica  |v 1 
650 4 |a Bölcsészettudományok 
650 4 |a Történettudomány és régészet 
650 4 |a Nyelvek és irodalom 
695 |a Szent Cirill, Szent Metód, Magyarország története - 9-18. sz. - tanulmányok, Cirill írás - Pannónia 
710 |a Cirill és Metód tevékenysége Pannóniában (1986) (Budapest/Zalavár/Keszthely) 
856 4 0 |u http://acta.bibl.u-szeged.hu/45066/1/hungaro-bulgarica_001_169-173.pdf  |z Dokumentum-elérés